[Event "Dos Hermanas"]
[Site "Dos Hermanas"]
[Date "1994.??.??"]
[Round "6"]
[White "Epishin, Vladimir"]
[Black "Gulko, Boris F"]
[Result "1-0"]
[WhiteElo "2675"]
[BlackElo "2615"]
[Annotator "Hansen,Cu"]
[PlyCount "97"]
[EventDate "1994.04.??"]
[EventType "tourn"]
[EventRounds "9"]
[EventCountry "ESP"]
[EventCategory "16"]
[SourceTitle "CBM 041"]
[Source "ChessBase"]
[SourceDate "1994.08.01"]
[SourceVersion "1"]
[SourceVersionDate "1994.08.01"]
[SourceQuality "1"]

1. d4 d5 2. c4 c6 3. Nc3 Nf6 4. e3 g6 5. Nf3 Bg7 6. Be2 O-O 7. O-O Be6 8. cxd5
cxd5 (8... Bxd5 9. Qc2 Bxf3 10. Bxf3 Nbd7 (10... Na6 11. Rd1 Ne8 12. e4 Nd6 13.
Bf4 $14 {Smejkal,J-Meduna,E/BL/1990/}) 11. Rd1 (11. e4 e5 12. dxe5 Nxe5 13. Be2
Qe7 14. Be3 $14 {Mohr,S-Soffer,R/Bad Lauterberg/1991/}) 11... Qc7 12. e4 (12.
a4 a5 13. b3 Rac8 14. Ba3 Rfe8 15. Rac1 $14 {Douven,R-Flear,G/Wijk-B/1988/})
12... e5 13. d5 Rac8 (13... cxd5 14. exd5 Rac8 15. d6 Qb8 16. Be3 $16 {Cvitan,
O-Beil,Z/Reggio/1991/}) 14. dxc6 Qxc6 15. Be3 (15. Bg5 h6 16. Be3 Nb6 $10 {
Larsen,B-Smyslov,V/Bugojno/1984/}) 15... Nb6 16. Rac1 Nc4 17. Bg5 h6 18. Bxf6
Qxf6 19. Bg4 Rcd8 20. Nd5 Qg5 21. Qxc4 Qxg4 22. h3 $16 {Cvitan,O-Torre,E/Novi
Sad ol/1990/}) 9. Qb3 (9. Ne5 Nbd7 (9... Nfd7 10. Nd3 Nf6 11. Qb3 Bc8 $14 {
Mohr,S-Kamsky,G/Bad Mergentheim/1989/}) 10. Nd3 Bf5 11. Qb3 (11. a4 e6 12. g4
Bxd3 13. Qxd3 h5 $13 {Donner,J-Hort,V/Wijk/1968/}) 11... Bxd3 12. Bxd3 Nb6 13.
a4 $14 {Stohl,I-Meduna,E/Praha/1989/}) (9. b3 Nc6 10. Bb2 Ne4 11. Nd2 Nxc3 12.
Bxc3 $10 {Rukavina,J-Djuric,S/JUG-ch/1985/}) 9... Qb6 10. Qxb6 (10. Qa3 Nc6 11.
Na4 Qc7 12. Bd2 Bg4 13. Rac1 $14 {Petrosian,A-Palatnik,S/USSR/1982/}) (10. Bd2
Nc6 11. Rfc1 Rfc8 (11... Qxb3 12. axb3 Ne4 13. Be1 f5 14. b4 $14 {Marin,
M-Kosic,D/Eforie Nord/1988/}) 12. Na4 Qxb3 13. axb3 Ne4 14. Be1 Bd7 15. b4 $14
{Hracek,Z-Summerscale,A/Oakham/1990/}) 10... axb6 {0,5/Cvitan,O-Ninov,K/
Sarajevo/1988/} 11. b3 Bg4 (11... Rc8 12. Bb2 Nc6 13. Na4 Nd7 14. Rfc1 h6 $10 {
Gheorghiu,F-Meduna,E/Biel/1983/}) 12. Na4 (12. Bb2 Nc6 13. Rfc1 Rfc8 14. h3
Bxf3 15. Bxf3 e6 16. Be2 Bf8 17. Na4 {0,5/Horvath,J-Gulko,B/Manila ol/1992/})
12... Nfd7 (12... Nbd7 13. Bd2 $14 {/\Bb4}) 13. h3 Bxf3 14. Bxf3 e6 15. Bd2 Nc6
16. Be2 $14 {>< b5, >< Pb6} Na7 17. Rfc1 Rfc8 18. Kf1 Bf8 19. b4 {/\ b4-b5,
פa7} Rxc1+ 20. Rxc1 Rc8 (20... Nc6 21. Bb5 $16) (20... Nc8 21. Bb5 $16) 21.
Rxc8 Nxc8 22. Bd3 {/\Ke2} (22. Bb5 Nb8 {/\Nc6//\Nd6}) 22... Nd6 23. Be1 f5 (
23... Nc4 24. Bxc4 dxc4 25. b5 $16 {>< Pc4}) 24. Ke2 Kf7 25. f3 {>< e4} Ke8 26.
Bg3 Kd8 27. Nc3 {/\a2-a3 + e3-e4, ^^} Nf6 28. a3 Be7 29. Bf4 {/\g2-g4 ()} h5
30. h4 Nfe8 {/\Bxh4} 31. g3 {/\e3-e4} Nf6 32. Kd2 Kd7 33. Kc2 Kc6 34. Kb3 Bf8
35. a4 {/\ Nc3-e2, Bf4-e5, Ne2-f4, קe6, קg6} Be7 36. Be5 Kd7 37. Ne2 Ke8 38.
Nf4 Kf7 39. Nh3 Bf8 (39... Nd7 $5 40. Ng5+ Bxg5 41. Bxd6 Bd8 42. e4 $14) 40.
Be2 Nd7 41. Bf4 {/\g3-g4} Nf6 42. a5 $1 {()} bxa5 43. bxa5 {/\Ka4-(b5)} Ke8 44.
Ka4 Be7 {[#]} 45. Ng5 Kd7 46. Bb5+ $18 Nxb5 $8 47. Kxb5 Ng8 (47... Bd8 48. Nf7
Bc7 49. Bxc7 Kxc7 50. Ne5 {Bulletin}) 48. Nf7 (48. Kb6 Bb4 (48... Bxg5 49. hxg5
Kc8 50. Bd6 $18 {(.)})) 48... Bf6 {>< e5} (48... Nf6 49. Ne5+ {/\Nxg6}) 49. Kb6
1-0

[Event "Groningen"]
[Site "Groningen"]
[Date "1991.??.??"]
[Round "7"]
[White "Dreev, Alexey"]
[Black "Romanishin, Oleg M"]
[Result "1-0"]
[WhiteElo "2610"]
[BlackElo "2600"]
[Annotator "Hansen,Cu"]
[PlyCount "76"]
[EventDate "1991.12.??"]
[EventType "tourn"]
[EventRounds "9"]
[EventCountry "NED"]
[EventCategory "13"]
[SourceTitle "CBM 027"]
[Source "ChessBase"]
[SourceDate "1992.04.01"]
[SourceVersion "1"]
[SourceVersionDate "1992.04.01"]
[SourceQuality "1"]

1. d4 Nf6 2. c4 c6 3. Nf3 d5 4. e3 g6 5. Nc3 Bg7 6. Be2 O-O 7. O-O h6 {N} (7...
b6) (7... dxc4) (7... Bg4) (7... Be6) 8. Ne5 Be6 9. cxd5 Nxd5 (9... cxd5 $5 10.
Nd3 {/\Bf3+Nf4}) 10. e4 Nxc3 11. bxc3 {/\f4+/-} Bxe5 12. dxe5 Qxd1 13. Rxd1 h5
14. a4 Nd7 15. Ba3 Nxe5 16. Bxe7 Rfe8 17. Bg5 $14 {<->d} Bc4 18. Bxc4 Nxc4 19.
f3 b6 (19... a5 {/\b7-b5} 20. Rab1 $16) 20. Rd4 b5 21. h3 a5 22. g4 hxg4 23.
hxg4 Kg7 24. Kf2 Ra7 25. Rb1 $16 c5 26. Rd5 Nb6 27. Rd6 Re6 28. Rxe6 fxe6 29.
Rxb5 (29. axb5 a4 30. Be3 $16) 29... Nxa4 30. Bd2 {פa4} c4 31. Be3 Ra6 32.
Bd4+ $138 Kf8 $138 33. Ke3 Ke7 34. f4 Kd6 35. f5 (35. Rg5 $18) 35... gxf5 36.
exf5 exf5 37. gxf5 Kc6 38. Re5 Kd7 $138 {Hansen,C} 1-0

[Event "RUS-chT 05th"]
[Site "Maikop"]
[Date "1998.06.09"]
[Round "7"]
[White "Nikitin, Andrey"]
[Black "Hasangatin, Ramil"]
[Result "0-1"]
[WhiteElo "2410"]
[BlackElo "2460"]
[Annotator "Hecht,H"]
[PlyCount "128"]
[EventDate "1998.06.03"]
[EventType "team-tourn"]
[EventRounds "11"]
[EventCountry "RUS"]
[SourceTitle "CBM 066"]
[Source "ChessBase"]
[SourceDate "1998.09.30"]
[SourceVersion "1"]
[SourceVersionDate "1998.09.30"]
[SourceQuality "1"]
[WhiteTeam "Tomsk 400"]
[BlackTeam "Kazan Sberbank-Tatarstan"]
[WhiteTeamCountry "RUS"]
[BlackTeamCountry "RUS"]

1. d4 d5 2. c4 c6 3. Nc3 Nf6 4. e3 g6 5. Nf3 Bg7 6. Be2 O-O 7. O-O dxc4 8. Bxc4
Nfd7 9. e4 Nb6 10. Be2 Bg4 11. Be3 Bxf3 12. Bxf3 Nc4 13. Qb3 Nxe3 14. fxe3 Qb6
15. Qxb6 axb6 16. e5 Na6 17. Bd1 f6 18. Bb3+ Kh8 19. exf6 exf6 20. e4 b5 21.
Rfe1 Rfe8 22. a3 Rad8 23. Rad1 b4 24. axb4 Nxb4 25. Kf2 f5 26. e5 Re7 27. Kf3
c5 28. dxc5 Rd3+ 29. Rxd3 Nxd3 30. Rd1 Nxe5+ 31. Kg3 Nc6 32. Bd5 Be5+ 33. Kf3
g5 34. h3 Kg7 35. g4 Bxc3 36. Bxc6 bxc6 37. bxc3 {[#] Die Stellung ist in der
Balance, wenn sich Weiß gut verteidigt. Er tut es nicht unbedingt (Zug 39),
und ab Zug 56 erhält Schwarz verbundene gegen einen Doppelfreibauer, der das
Nachsehen hat.} Kf6 38. Rd6+ Re6 39. Rd7 $2 {Zeitnot?!} (39. gxf5 $1 Kxf5 40.
Rxe6 (40. c4 h5 $15) 40... Kxe6 41. Kg4 Kd5 (41... Kf6 42. Kh5 Kf5 43. Kh6 g4
44. hxg4+ Kxg4 45. Kxh7 Kf5 46. Kg7 Ke4 47. Kf6 Kd5 48. Ke7 Kxc5 49. Kd7 $11)
42. Kxg5 Kxc5 43. Kh6 Kc4 44. Kxh7 Kxc3 45. h4 $11) 39... h6 40. gxf5 Kxf5 41.
Rf7+ Ke5 42. Rd7 Rf6+ 43. Kg3 Kf5 44. Rd8 Ke5 45. Rd7 Kf5 46. Rd8 h5 47. Rh8
h4+ 48. Kf3 Kg6+ 49. Ke3 Re6+ 50. Kd4 Kf5 51. Rf8+ Rf6 52. Re8 Kf4 53. Re3 Rf8
54. Re6 Kg3 55. Rg6 Rf5 56. Rxc6 Kxh3 {[#]} 57. Rg6 g4 58. c6 Rf8 59. Kd5 g3
60. c7 Kg2 61. Kd6 h3 62. Ke7 Rc8 63. Kd7 Rxc7+ 64. Kxc7 h2 0-1

[Event "EU-ch 2nd"]
[Site "Ohrid"]
[Date "2001.06.02"]
[Round "2"]
[White "Likavsky, Tomas"]
[Black "Slobodjan, Roman"]
[Result "1-0"]
[WhiteElo "2425"]
[BlackElo "2529"]
[Annotator "Hecht,H"]
[PlyCount "81"]
[EventDate "2001.06.01"]
[EventType "swiss"]
[EventRounds "13"]
[EventCountry "YUG"]
[SourceTitle "CBM 084"]
[Source "ChessBase"]
[SourceDate "2001.09.13"]
[SourceVersion "1"]
[SourceVersionDate "2001.09.13"]
[SourceQuality "1"]

1. d4 d5 2. c4 c6 3. Nf3 Nf6 4. e3 g6 5. Nc3 Bg7 6. Bd3 O-O 7. O-O b6 8. cxd5
Nxd5 9. Nxd5 Qxd5 10. e4 Qd8 11. Be3 Bg4 12. Be2 Nd7 13. Qc2 c5 14. d5 Qc7 15.
h3 Bxf3 16. Bxf3 Qe5 17. b3 Qxa1 18. Rxa1 Bxa1 19. Be2 Rad8 20. f4 e5 21. dxe6
fxe6 22. Bc4 Rfe8 23. f5 Nf8 24. Bb5 exf5 25. Bxe8 Rxe8 26. Qc4+ Kg7 27. Qc1
Bf6 28. Bh6+ Kf7 29. exf5 gxf5 30. Qc4+ Ne6 31. Bf4 Kg6 32. Bd6 Ng5 33. Kh2 Bd4
34. h4 Ne4 35. Bf4 Nf6 36. a4 Re4 37. h5+ Kg7 38. Qc1 {[#] Schwarz gedachte
mit einer Fesselungskombination, gewürzt mit einer Springergabel, den Sieg an
seine Fahnen zu heften. Doch da war noch eine Antifessel....!!} Rxf4 39. Qxf4
Ng4+ ({Geplant war nun} 39... Be5 40. Qxe5 {doch 40...Sg4+ scheitert an der
Fesselung des Sf6!!}) 40. Kh3 Nf2+ 41. Kg3 1-0

[Event "RUS-chT 06th"]
[Site "St Petersburg"]
[Date "1999.05.16"]
[Round "1"]
[White "Fominyh, Alexander"]
[Black "Terentiev, Vitaly G"]
[Result "1-0"]
[WhiteElo "2552"]
[BlackElo "2397"]
[Annotator "Hecht,H"]
[PlyCount "151"]
[EventDate "1999.05.16"]
[EventType "team-tourn"]
[EventRounds "9"]
[EventCountry "RUS"]
[SourceTitle "EXT 2020"]
[Source "ChessBase"]
[SourceDate "2019.10.17"]
[SourceVersion "1"]
[SourceVersionDate "2019.10.17"]
[SourceQuality "1"]
[WhiteTeam "Tomsk Siberia"]
[BlackTeam "Voronezh OShK"]
[WhiteTeamCountry "RUS"]
[BlackTeamCountry "RUS"]

1. d4 d5 2. c4 c6 3. Nf3 Nf6 4. e3 g6 5. Nc3 Bg7 6. Be2 O-O 7. O-O Bg4 8. cxd5
cxd5 9. Qb3 Bc8 10. Ne5 Nc6 11. Bd2 Nxe5 12. dxe5 Ne4 13. Nxe4 dxe4 14. Bc3 Qc7
15. Qd5 Bf5 16. Rac1 Rac8 17. g4 Rfd8 18. Qa5 Be6 19. Qxc7 Rxc7 20. Bd4 Rdc8
21. Rxc7 Rxc7 22. Ra1 a6 23. a4 Bb3 24. Kg2 e6 25. h4 h6 26. Kg3 Bf8 27. Bc3
Be7 28. Bd1 Bd5 29. a5 g5 30. h5 Bc6 31. Be2 Rd7 32. Rc1 Bd8 33. b4 Ba4 34. Bd4
Bc7 35. Kg2 Kf8 36. f3 Bc6 37. fxe4 Bxe4+ 38. Bf3 Bxf3+ 39. Kxf3 {[#] Der
weiße Vorteil besteht in dem großen Raumvorteil und den fixierten schwarzen
Bauernschwächen b7 und h6. Die einzige offene Linie gehört ebenfalls Weiß.} Kg7
40. Ke4 Kf8 41. Rf1 Kg7 42. Rc1 Bd8 43. Rc8 Be7 44. Rc4 Kf8 45. Bb6 Kg7 46. Bd4
Kf8 47. Kd3 Bd8 48. Rc2 Be7 (48... Rc7 $1 {und ich kann nicht erkennen, wie
Weiß gewinnen will - mit oder ohne Turmtausch. Jetzt allerdings ist das
Lavieren vorbei, und Weiß bereitet den Abtausch seines b-Bauern gegen den
a-Bauern vor}) 49. Rc8+ Kg7 50. Kc4 Kh7 51. Kb3 Kg7 52. Ka4 Kh7 53. Bb6 Kg7 54.
Rc4 Kf8 55. Rc8+ Kg7 56. Re8 Kh7 57. b5 axb5+ 58. Kxb5 Rd5+ 59. Kc4 Rd7 {
[#] Jetzt hat Weiß einen klaren Gewinnplan, der auf dem beweglich gewordenen
a-Bauern beruht...} 60. Ra8 $1 Kg7 61. e4 Ba3 (61... f6 62. Ra7 fxe5 (62... Bd8
63. Bxd8 Rxd8 64. Rxb7+ Kg8 65. a6 $18) 63. a6 Bd8 64. Bxd8 Rxd8 65. axb7 (65.
Rxb7+ Kf6 {Achtung, Pattfalle, die mit Th7 zerstört werden kann.}) 65... Rb8
66. Kc5 $18) 62. Ra7 $1 Bb2 63. a6 Bxe5 64. Rxb7 Rxb7 65. axb7 Bb8 66. Bd4+ f6
67. Kb5 Kf7 68. Kc6 f5 69. Bc5 fxe4 (69... fxg4 70. Bd6 $18) (69... f4 70. Kd7
f3 71. Kc8 Be5 72. b8=Q Bxb8 73. Kxb8 Kf6 74. Bd4+ $18) 70. Bd6 Ba7 71. b8=Q
Bxb8 72. Bxb8 e3 73. Bg3 Kf6 74. Kd6 e2 75. Be5+ Kf7 76. Bc3 1-0

[Event "SUI-ch"]
[Site "Leukerbad"]
[Date "2002.07.16"]
[Round "6"]
[White "Nemet, Ivan"]
[Black "Ekstroem, Roland"]
[Result "0-1"]
[WhiteElo "2439"]
[BlackElo "2471"]
[Annotator "Hecht,H"]
[PlyCount "104"]
[EventDate "2002.07.11"]
[EventType "tourn"]
[EventRounds "9"]
[EventCountry "SUI"]
[EventCategory "9"]
[SourceTitle "CBM 091"]
[Source "ChessBase"]
[SourceDate "2002.11.12"]
[SourceVersion "1"]
[SourceVersionDate "2002.11.12"]
[SourceQuality "1"]

1. d4 Nf6 2. Nf3 d5 3. e3 g6 4. c4 Bg7 5. Nc3 O-O 6. cxd5 Nxd5 7. Bc4 Nb6 8.
Bb3 c5 9. O-O cxd4 10. exd4 Bg4 11. d5 N8d7 12. h3 Bxf3 13. Qxf3 Nc5 14. Rd1
Nc8 15. Bc4 Nd6 16. Bf1 Rc8 17. Re1 Re8 18. Bf4 a6 19. g4 Qa5 20. Rac1 Qb4 21.
Rc2 Na4 22. Bd2 Nxc3 23. Bxc3 Bxc3 24. bxc3 Qa5 25. Re3 Rc5 26. Qe2 Kf8 27. c4
Qc7 28. a4 b5 29. axb5 axb5 30. Qe1 bxc4 31. Bg2 Rb5 32. Bf3 Qa5 33. Qe2 Qa1+
34. Kg2 Qd4 35. Qe1 Rb3 36. Rcc3 Reb8 37. Qd1 Qxd1 38. Bxd1 Rxc3 39. Rxc3 {
Der aktive schwarze König in Verbindung mit einem Mehrbauern und dem
schlechten weißen Läufer.} Rb2 {[%cal Rb2f2,Rd6e4]} 40. Bf3 g5 $1 $19 {[%cal
Gf8g7,Gg7f6,Gf6e5,Ge5d4]} 41. Ra3 Kg7 42. Ra7 Kf6 43. Rc7 Rb7 44. Rc6 Ke5 45.
Ra6 Kd4 46. Ra1 Kc3 47. Re1 Rc7 48. Re3+ Kb2 49. Bd1 Kc1 50. Ba4 Ra7 51. Re1+
Kd2 52. Rd1+ Kc3 {Das Endspiel spricht für sich selbst.} 0-1

[Event "Sanjin Hotel Cup 2nd"]
[Site "Tiayuan"]
[Date "2005.07.09"]
[Round "1"]
[White "Zhao, Xue"]
[Black "Wang, Hao"]
[Result "0-1"]
[WhiteElo "2470"]
[BlackElo "2512"]
[Annotator "Huebner,R"]
[PlyCount "62"]
[EventDate "2005.07.09"]
[EventType "tourn"]
[EventRounds "11"]
[EventCountry "CHN"]
[EventCategory "15"]
[SourceTitle "CBM 108"]
[Source "ChessBase"]
[SourceDate "2005.09.26"]
[SourceVersion "1"]
[SourceVersionDate "2005.09.26"]
[SourceQuality "1"]

1. d4 d5 2. c4 c6 3. Nc3 Nf6 4. e3 a6 5. Nf3 b5 6. c5 g6 7. Bd3 (7. Bd2 a5 8.
a3 Bg7 9. b4 O-O 10. Be2 Ne4 11. O-O Nxd2 12. Qxd2 Bg4 13. Ne5 Bxe2 14. Nxe2 a4
15. Rad1 Ra7 16. f4 Qc8 17. Ng3 Nd7 18. Qe2 e6 19. Nd3 Rd8 20. Nh1 Nf8 21. g4
f6 22. Ng3 Re7 23. Qf2 e5 24. h3 Rde8 25. Rde1 Qd7 26. Kg2 exd4 27. exd4 Re4
28. f5 Rxe1 29. Rxe1 Rxe1 30. Qxe1 Bh6 31. Kf3 Kf7 32. h4 Qe7 33. Qxe7+ {
1/2-1/2 Arlandi,E-Epishin,V/Reggio Emilia 1994/CBM 045 (33).}) 7... Bg7 8. O-O
O-O 9. h3 a5 10. a3 Nbd7 11. Rb1 (11. Bd2 Qc7 $11) 11... b4 12. axb4 axb4 13.
Ne2 e5 14. dxe5 (14. Nxe5 Nxe5 15. dxe5 Nd7 16. Nd4 {führt zu einer
ausgeglichenen Stellung.}) 14... Ne4 15. Ned4 Qc7 16. Bd2 Ndxc5 (16... Rb8 $5 {
kommt in Betracht. Nach} 17. Qc2 ({Auf} 17. Rc1 Nexc5 18. Bb5 cxb5 19. Bxb4 Qb6
20. Qc2 {folgt} Ne6 21. Bxf8 Bxf8 22. Nc6 Ra8 {, und Weiß hat Schwierigkeiten;}
) 17... Nexc5 18. Be2 Re8 19. Rbc1 Bf8 {hat Weiß Mühe mit der Verteidigung des
Bauern auf e5.}) 17. Bxb4 Nxd3 18. Bxf8 $6 (18. Qxd3 {ist einfach und gut:} c5
({Die Fortsetzung} 18... Ba6 19. Qc2 c5 (19... Bxf1 20. Bxf8 Rxf8 21. Rxf1 c5
22. b4 {ist offenbar günstig für Weiß.}) 20. Rfc1 Rfc8 21. Nb3 Qb8 22. Bc3 {
verheißt dem Weißen einigen Vorteil.}) 19. Rfc1 Qb6 20. Ba3 Rd8 (20... cxd4 21.
Bxf8 Bxf8 (21... Kxf8 22. Qxd4 {ist nicht besser für Schwarz.}) 22. Nxd4 {
ist angenehm für Weiß.}) 21. Qb3 Qxb3 22. Nxb3 c4 23. Nbd4 {Weiß steht
bequemer.}) 18... Nexf2 19. Bd6 (19. Rxf2 Nxf2 20. Bd6 Nxd1 21. Bxc7 Nxe3 22.
Nxc6 {führt zu einer ausgeglichenen Stellung.}) 19... Nxd1 20. Bxc7 Nxe3 21.
Ra1 Ba6 22. Rfb1 c5 23. Nc6 Nc2 24. Ra5 ({Gediegener ist die Fortsetzung} 24.
Ne7+ Kf8 (24... Kh8 25. Ng5 {stürzt Schwarz in Schwierigkeiten.}) 25. Nxd5 Nxa1
26. Bd6+ Kg8 27. Rxa1 Bb7 28. Rxa8+ (28. Ne7+ Kf8 29. Rd1 Nxb2 30. Rb1 Bxf3 {
verspricht dem Weißen nicht mehr.}) 28... Bxa8 29. Ne7+ Kf8 30. Nxg6+ (30. Nf5+
Kg8 31. Ne7+ $11) 30... Ke8 31. Ngh4 Bxf3 32. Nxf3 c4 {mit remis.}) 24... Bb7
25. Rxa8+ ({Zum Ausgleich führt auch} 25. Rd1 c4 (25... Nxb2 26. Rxd5 {ist
natürlich fatal für Schwarz.}) (25... Rxa5 26. Nxa5 Ba6 27. Nc6 {ist ebenfalls
nicht gefährlich für Weiß.}) 26. Rd2 Ne3 (26... Bxc6 27. Rxa8+ Bxa8 28. Rxc2 {
mit gleichem Spiel.}) 27. Rxa8+ Bxa8 28. Ncd4 {usw.}) 25... Bxa8 26. Nb8 $2 {
Offenbar soll der Springer nach d7 gebracht werden, aber der Textzug kostet
überflüssige Zeit. Nach} (26. Ne7+ Kf8 27. Bd6 Ke8 28. Rd1 c4 29. b3 {ist die
Stellung ausgeglichen.}) 26... Bh6 (26... d4 {ist ebenfalls aussichtsreich:}
27. Rd1 (27. b3 Bxf3 28. gxf3 Bxe5 29. Bxe5 Nxe5 30. Rc1 d3 31. Kf2 c4 32. bxc4
Nxc4 {Schwarz erreicht ein Springerendspiel mit 3 gegen 2 Bauern am
Königsflügel. Er hat vorzügliche Gewinnaussichten.}) (27. Nd7 Bc6 28. Nf6+ Bxf6
29. exf6 Bxf3 30. gxf3 h6) 27... Bxf3 28. Rxd3 (28. gxf3 Bxe5) 28... Bxg2 {usw.
}) 27. Ba5 $2 (27. Nd7 d4 28. b3 {bot Aussichten auf Widerstand.}) 27... d4 28.
Nd7 c4 29. Bd2 {Die Lage dürfte schon hoffnungslos sein, aber dies
beschleunigt das Ende.} Be3+ 30. Bxe3 dxe3 {Jetzt ist der e-Bauer des
Schwarzen nicht mehr aufzuhalten.} 31. e6 ({Auf} 31. Kf1 {folgt} Bxf3 32. gxf3
Nd4) 31... fxe6 0-1

[Event "Budapest FS03 GM"]
[Site "Budapest"]
[Date "1996.??.??"]
[Round "3"]
[White "Gyimesi, Zoltan"]
[Black "Keitlinghaus, Ludger"]
[Result "1/2-1/2"]
[WhiteElo "2545"]
[BlackElo "2475"]
[Annotator "Huebner,R"]
[PlyCount "179"]
[EventDate "1996.03.??"]
[EventType "tourn"]
[EventRounds "13"]
[EventCountry "HUN"]
[EventCategory "9"]
[SourceTitle "CBM 053"]
[Source "ChessBase"]
[SourceDate "1996.08.01"]
[SourceVersion "1"]
[SourceVersionDate "1996.08.01"]
[SourceQuality "1"]

1. d4 d5 2. c4 c6 3. Nf3 Nf6 4. Nc3 a6 5. a4 g6 6. e3 Bg7 7. Be2 O-O 8. O-O c5
9. cxd5 Nxd5 10. e4 Nxc3 11. bxc3 cxd4 12. cxd4 Bg4 13. Be3 e6 14. Rb1 Nc6 15.
d5 exd5 16. exd5 Ne7 17. d6 Nf5 18. Bf4 b5 19. h3 Bxf3 20. Bxf3 Rc8 21. axb5
axb5 22. Be2 Nd4 23. Bxb5 Rc5 24. Ba4 Rc4 25. d7 Qa8 26. Bd6 Rd8 27. Be7 Rxa4
28. Bxd8 Ra7 29. Bb6 Rxd7 30. Bxd4 $18 Bxd4 31. Qe2 Kg7 32. Rbd1 Qd8 33. Rd2
Bf6 34. Rxd7 Qxd7 35. Rd1 Qa7 36. Qf3 (36. g4 {hätte mühelos gewonnen.}) 36...
h5 37. Rb1 (37. g3 $1 {Nun kann h5-h4 stets mit g3-g4 beantwortet werden. Weiß
bringt seine Dame nach d5 und den Turm nach b7; Schwarz muß den Punkt f7 mit
der Dame von e8 aus verteidigen. Dann macht Weiß Fortschritte, indem er den
König nach f3 bringt und Dd5-d7 spielt; nach Damentausch ist die Stellung
bequem gewonnen für Weiß. Vermeidet Schwarz den Damentausch mit De8-f8, so
wird Weiß nach geeigneter Vorbereitung mit seinen Schwerfiguren eindringen auf
der achten Reihe entscheidend eindringen. Ich bin nicht sicher, ob der Gewinn
nach dem Textzug noch erzwungen werden kann. Um seinem König einen geschützen
Platz zu schaffen, muß Weiß zu g2-g3, h4xg3, f2xg3 greifen; aber dann führt
Damentausch schon zum Remis.}) 37... h4 38. Qe4 Qa2 39. Rd1 Qb3 40. Qd5 Qb2 41.
Qd7 Qb3 42. Qg4 Qa2 43. Rd7 Qb1+ 44. Qd1 Qb2 45. Kf1 Qa2 46. Qd5 Qa6+ 47. Qd3
Qa1+ 48. Qd1 Qa6+ 49. Qe2 Qa1+ 50. Rd1 Qc3 51. Qd3 Qe5 52. Qd5 Qb2 53. Rd2 Qa1+
54. Ke2 Qa3 55. Rd3 Qe7+ 56. Kf3 Ba1 57. Rb3 Qf6+ 58. Ke2 Bd4 59. Rf3 Qa6+ 60.
Rd3 Ba1 61. Qe4 Bf6 62. Ke3 Bg5+ 63. f4 {Hiernach hat Weiß meines Erachtens
keine Gewinnaussichten mehr, weil er für seinen König keinen sicheren Platz
finden kann; Damentausch kann natürlich nicht erzwungen werden.} Bf6 64. Kf3
Qa1 65. Kg4 Qf1 66. Qf3 Qb1 67. Qe2 Qb5 68. Kf3 Qh5+ 69. Kf2 Qc5+ 70. Qe3 Qc2+
71. Rd2 Qc8 72. Kg1 Qf5 73. Rd1 Qc8 74. Qf3 Qf5 75. Kh1 Qc8 76. Qg4 Qc2 77. Rf1
Qd3 78. Qf3 Qf5 79. Kh2 Qc2 80. Rd1 Qc8 81. Qe4 Qc7 82. Kh1 Qc8 83. Rb1 Qd7 84.
Kh2 Qd2 85. Qf3 Qc2 86. Rd1 Qc7 87. Kh1 Qc8 88. Qg4 Qc2 89. Kh2 Qf2 90. Kh1
1/2-1/2